El Socialisme de la llibertat / Isidre Molas
Descripción Física:
183 p. ; 20 cm
Colección:
Polítiques , 13
Materias:
Socialisme
MARC
| LEADER | 00000nam a2200000Ia 4500 | ||
|---|---|---|---|
| 001 | 9830 | ||
| 008 | 160829s1992 xx 000 0 cat d | ||
| 080 | |a M-2-264 | ||
| 100 | |a Molas, Isidre, |d 1940- |9 25138 | ||
| 245 | |a El Socialisme de la llibertat / Isidre Molas | ||
| 260 | |a Barcelona : |b Edicions 62, |c 1992 | ||
| 300 | |a 183 p. ; |c 20 cm | ||
| 490 | |a Polítiques , 13 | ||
| 650 | |a Socialisme |9 33371 | ||
| 901 | |a Arxiu | ||
| 942 | |n 1 | ||
| 952 | |0 0 |1 0 |4 0 |6 M2264 |7 1 |9 43465 |a Arxiu |b Arxiu |d 2016-12-01 |l 0 |o M-2-264 |p 9830 |r 2016-12-01 00:00:00 |w 2016-12-01 |y ARXIU | ||
| 999 | |c 46011 |d 46011 | ||